000
00308nam a2200133Ia 4500
005
20260328104309.0
008
260328s9999||||xx |||||||||||||| ||und||
100
_a
Lee, Uje
245
0
_a
Architecture for Public /
_c
Uje Lee
260
_b
C3
300
_a
254 p.
650
_a
ESPACIO PUBLICO
942
_c
BK
999
_c
10878
_d
10878